Acento : Antología poética para el siglo /

Kaydedildi:
Detaylı Bibliyografya
Yazar: Peyrou, Mariano (autor.)
Diğer Yazarlar: Valero, Julieta (autora.), Gragera, Abraham (autor.), Abril, Juan Carlos (autor.), Pardo, Carlos (autor.), Lucas, Antonio (autor.)
Materyal Türü: Ekitap
Dil:İspanyolca
Baskı/Yayın Bilgisi: Barcelona (España) : RIL Editores, 2024.
Seri Bilgileri:Æera - Terroir.
Konular:
Online Erişim:https://elibro.unach.elogim.com/es/lc/unach/titulos/281106
Etiketler: Etiketle
Etiket eklenmemiş, İlk siz ekleyin!

MARC

LEADER 00000nam a2200000 i 4500
001 ELB281106
003 FINmELB
005 20250521173015.0
006 m o d |
007 cr cnu||||||||
008 250425s2024 sp o 001 0 spa d
017 |a B-8561-2024  |b España 
020 |a 9788410248076  |q (print) 
035 |a (OCoLC)1520576071 
040 |a FINmELB  |b spa  |e rda  |c FINmELB 
050 4 |a PQ6187.5  |b P516 2024 
080 |a 82.1=134.2 
082 0 4 |a 861.708  |2 23 
100 1 |a Peyrou, Mariano,  |e autor. 
245 1 0 |a Acento :  |b Antología poética para el siglo /  |c Mariano Peyrou, Julieta Valero, Abraham Gragera, Juan Carlos Abril, Carlos Pardo, Antonio Lucas, Julio César Galán, Ana Gorría, Juan A. García Román, Marta del Pozo, Daniela Martín Hidalgo, Lola Nieto. 
264 1 |a Barcelona (España) :  |b RIL Editores,  |c 2024. 
300 |a 1 recurso en línea (244 páginas) 
336 |a texto  |b txt  |2 rdacontent/spa 
337 |a computadora  |b c  |2 rdamedia/spa 
338 |a recurso en línea  |b cr  |2 rdacarrier/spa 
490 1 |a Æera - Terroir 
500 |a Autores extraidos de la cubierta. 
500 |a Incluye índice. 
588 |a Descripción basada en metadatos suministrados por el editor y otras fuentes. 
590 |a Recurso electrónico. Santa Fe, Arg.: elibro, 2025. Disponible vía World Wide Web. El acceso puede estar limitado para las bibliotecas afiliadas a elibro. 
650 4 |a Poesía española. 
655 4 |a Libros electrónicos. 
700 1 |a Valero, Julieta,  |e autora. 
700 1 |a Gragera, Abraham,  |e autor. 
700 1 |a Abril, Juan Carlos,  |e autor. 
700 1 |a Pardo, Carlos,  |e autor. 
700 1 |a Lucas, Antonio,  |e autor. 
797 2 |a elibro, Corp. 
830 0 |a Æera - Terroir. 
856 4 0 |u https://elibro.unach.elogim.com/es/lc/unach/titulos/281106